Estudios jurídicos y políticos / (Record no. 49516)
[ view plain ]
| 000 -LEADER | |
|---|---|
| campo de control de longitud fija | 01499nam a2200301 i 4500 |
| 001 - NÚMERO DE CONTROL | |
| campo de control | 49516 |
| 003 - IDENTIFICADOR DE NÚMERO DE CONTROL | |
| campo de control | ES-MaACL |
| 005 - FECHA Y HORA DE LA ÚLTIMA TRANSACCIÓN | |
| campo de control | 20250831031615.0 |
| 007 - CAMPO FIJO DE DESCRIPCIÓN FÍSICA--INFORMACIÓN GENERAL | |
| campo de control de longitud fija | t| |
| 008 - DATOS DE LONGITUD FIJA--INFORMACIÓN GENERAL | |
| campo de control de longitud fija | 030717s1884 sp ||||1| spa d |
| 080 ## - NÚMERO DE LA CLASIFICACIÓN DECIMAL UNIVERSAL | |
| Número de la Clasificación Decimal Universal | 321.01(460)(091) |
| 100 1# - ENTRADA PRINCIPAL--NOMBRE DE PERSONA | |
| Nombre de persona | Costa, Joaquín, |
| Fechas asociadas al nombre | 1846-1911 |
| 9 (RLIN) | 41054 |
| 245 10 - MENCIÓN DEL TÍTULO | |
| Título | Estudios jurídicos y políticos / |
| Mención de responsabilidad, etc. | por Joaquín Costa. |
| 260 ## - PUBLICACIÓN, DISTRIBUCIÓN, ETC. | |
| Lugar de publicación, distribución, etc. | Madrid : |
| Nombre del editor, distribuidor, etc. | [s.n.], |
| Fecha de publicación, distribución, etc. | 1884 ( |
| Fabricante | Imp. Revista de Legislación, a cargo de M. Ramos) |
| 300 ## - DESCRIPCIÓN FÍSICA | |
| Extensión | XVI, 439 p. ; |
| Dimensiones | 23 cm. |
| 490 1# - MENCIÓN DE SERIE | |
| Mención de serie | Biblioteca jurídica de autores españoles ; |
| Designación de volumen o secuencia | 14 |
| 505 8# - NOTA DE CONTENIDO CON FORMATO | |
| Nota de contenido con formato | Contiene: Apuntes para la historia de las doctrinas políticas en España ; Poder legislativo del Estado: requisitos de la costumbre jurídica según los autores ; La política antigua y la política nueva ; Política exterior y colonial de España |
| 530 ## - NOTA DISPONIBLE DE FORMULARIO FÍSICO ADICIONAL | |
| Nota de formato físico adicional disponible | Disponible en formato digital. |
| 650 #4 - PUNTO DE ACCESO ADICIONAL DE MATERIA--TÉRMINO DE MATERIA | |
| Término de materia o nombre geográfico como elemento de entrada | Política- |
| Subdivisión general | Filosofía- |
| Subdivisión geográfica | España. |
| 9 (RLIN) | 16276 |
| 650 #7 - PUNTO DE ACCESO ADICIONAL DE MATERIA--TÉRMINO DE MATERIA | |
| Término de materia o nombre geográfico como elemento de entrada | Poder legislativo- |
| Subdivisión geográfica | España |
| Fuente del encabezamiento o término | |
| 9 (RLIN) | 145756 |
| 651 #4 - PUNTO DE ACCESO ADICIONAL DE MATERIA--NOMBRE GEOGRÁFICO | |
| Nombre geográfico | España- |
| Subdivisión general | Política exterior- |
| Subdivisión cronológica | S.XIX. |
| 9 (RLIN) | 8428 |
| 651 #4 - PUNTO DE ACCESO ADICIONAL DE MATERIA--NOMBRE GEOGRÁFICO | |
| Nombre geográfico | España- |
| Subdivisión general | Colonias- |
| Subdivisión cronológica | S.XIX |
| 9 (RLIN) | 8176 |
| 830 1# - PUNTO DE ACCESO ADICIONAL DE SERIE-TÍTULO UNIFORME | |
| Título uniforme | Biblioteca jurídica de autores españoles ; |
| Designación de volumen o secuencia | 14 |
| 9 (RLIN) | 181120 |
| 852 ## - LOCALIZACIÓN | |
| Ubicación | ES-MaACL |
| Número de control de estantería | F-14642 |
| 856 4# - LOCALIZACIÓN Y ACCESO ELECTRÓNICOS | |
| Identificador Uniforme de Recursos | <a href="https://bibliotecavirtual.aragon.es/es/consulta/registro.do?id=2703">https://bibliotecavirtual.aragon.es/es/consulta/registro.do?id=2703</a> |
| Nota pública | Biblioteca Virtual de Aragón |
| 856 4# - LOCALIZACIÓN Y ACCESO ELECTRÓNICOS | |
| Identificador Uniforme de Recursos | <a href="https://weblioteca.uv.es/cgi/view.pl?source=uv_im_b16906561 ">https://weblioteca.uv.es/cgi/view.pl?source=uv_im_b16906561 </a> |
| Nota pública | Repositori d'Objectes Digitals per a l'Ensenyament, la Recerca i la Cultura |
| Estatus retirado | Estado de pérdida | Estado de daño | No para préstamo | Colección | Biblioteca de origen | Biblioteca actual | Ubicación en estantería | Fecha de adquisición | Fuente de adquisición | Total de préstamos | Signatura topográfica completa | Código de barras | Visto por última vez | Precio de reemplazo | Tipo de ítem Koha |
|---|---|---|---|---|---|---|---|---|---|---|---|---|---|---|---|
| Colección digital | Biblioteca del Ateneo de Madrid | Biblioteca del Ateneo de Madrid | Sala Pecera Planta 2 | 17/01/2008 | F-14642 | 1052102 | 23/02/2023 | 23/02/2023 | Libro impreso antiguo |
